LIBRARY & INFORMATION CENTRE, KCAET, TAVANUR

ONLINE PUBLIC ACCESS CATALOGUE (OPAC)

Goshayatra (Ottan thullal) / (Record no. 607)

MARC details
000 -LEADER
fixed length control field 00428cam a2200169ua 4500
041 ## - LANGUAGE CODE
Language code of text/sound track or separate title mal
082 ## - DEWEY DECIMAL CLASSIFICATION NUMBER
Classification number 894.812 1
Item number EZH/GH
100 ## - MAIN ENTRY--AUTHOR NAME
Personal name Ezhuthachan, V.K .
245 ## - TITLE STATEMENT
Title Goshayatra (Ottan thullal) /
260 ## - PUBLICATION, DISTRIBUTION, ETC. (IMPRINT)
Place of publication Ottapalam :
Name of publisher Ajith book centre ,
Year of publication 1964.
300 ## - PHYSICAL DESCRIPTION
Number of Pages 104 ; .
942 ## - ADDED ENTRY ELEMENTS (KOHA)
Koha item type Books
Holdings
Withdrawn status Lost status Damaged status Home library Current library Date acquired Full call number Accession Number Koha item type
      KAUAET KAUAET 07/04/2012 894.812 1 13457 Books
free website counter